<?xml version="1.0" encoding="UTF-8"?>
<marc:record xmlns:marc="http://www.loc.gov/MARC21/slim">
   <marc:leader>00000nam a2200000 a 4500</marc:leader>
   <marc:datafield ind1="1" ind2=" " tag="100">
      <marc:subfield code="a">Safier, David</marc:subfield>
      <marc:subfield code="4">aut</marc:subfield>
      <marc:subfield code="e">Verfasser/-in</marc:subfield>
   </marc:datafield>
   <marc:datafield ind1="0" ind2="0" tag="245">
      <marc:subfield code="a">28 Tage lang</marc:subfield>
   </marc:datafield>
   <marc:datafield ind1="0" ind2="0" tag="245">
      <marc:subfield code="b">Roman</marc:subfield>
   </marc:datafield>
   <marc:datafield ind1=" " ind2="1" tag="264">
      <marc:subfield code="b">Kindler</marc:subfield>
      <marc:subfield code="c">2014</marc:subfield>
   </marc:datafield>
   <marc:datafield ind1="1" ind2=" " tag="520">
      <marc:subfield code="a">David Safier zählt zu den erfolgreichsten deutschen Autoren der letzten Jahre. Seine humorvollen Bücher "Mieses Karma", "Jesus liebt mich", "Muh" oder "Happy Family" erreichten hohe Auflagen. Jetzt legt der Schriftsteller einen neuen, ernsten Roman vor. "Dies ist ein Buch für meine Kinder", schreibt Safier, "aber gewissermaßen auch für meine Großeltern, die im Holocaust gestorben sind." Erzählt wird die Geschichte des Warschauer Ghettos im besetzten Polen. Die sechzehnjährige Mira schmuggelt Lebensmittel von der polnischen Seite ins Ghetto, um ihrer Mutter und ihrer Schwester beim Überleben zu helfen. Dabei riskiert sie immer wieder ihr Leben. Dann erfährt sie, dass sämtliche Bewohner des Ghettos umgebracht werden sollen, woraufhin sie sich dem Widerstand anschließt. 28 Tage lang trotzt dieser Widerstand der SS, ein knapper Monat, in dem Mira wichtige Erfahrungen macht. Und sie muss sich zwischen Daniel und Amos entscheiden. - Safier rückt eine Frage in das Zentrum des Romans: Welcher Mensch willst du sein? Und welche Entscheidungen zieht das nach sich? Damit das Buch trotz des tragischen Themas irgendwie gern gelesen werde, habe er sich der Mittel des Spannungsromans bedient, erklärt Safier. Weitere Einzelheiten seiner Vorgehensweise beim Recherchieren und Schreiben erläutert er in einem nachgestellten Auszug aus einem Gespräch mit Michael Töteberg.</marc:subfield>
   </marc:datafield>
   <marc:datafield ind1=" " ind2=" " tag="020">
      <marc:subfield code="a">9783463406404</marc:subfield>
      <marc:subfield code="9">9783463406404</marc:subfield>
   </marc:datafield>
</marc:record>
